[Event "Belgrade-chT Quality"]
[Site "Belgrade"]
[Date "2015.10.04"]
[Round "2"]
[White "Dinic, Goran"]
[Black "Kovacic, Misa"]
[Result "1/2-1/2"]
[WhiteElo "2220"]
[BlackElo "2116"]
[PlyCount "86"]
[EventDate "2015.10.03"]
[EventType "team-tourn"]
[EventRounds "11"]
[EventCountry "SRB"]
[SourceTitle "EXT 2018"]
[Source "ChessBase"]
[SourceDate "2017.10.13"]
[SourceVersion "1"]
[SourceVersionDate "2017.10.13"]
[SourceQuality "1"]

1. Nf3 Nf6 2. c4 e6 3. g3 b6 4. Bg2 Bb7 5. 0-0 Be7 6. b3 d5 7. Bb2 0-0 8. e3 Nbd7 9. Nc3 Nc5 10. d4 Nce4 11. Ne2 c5 12. Rc1 Rc8 13. Nf4 Ba6 14. Ne5 cxd4 15. Bxd4 Ba3 16. Rc2 Qe7 17. Qa1 Rc7 18. Bb2 Rfc8 19. Rfc1 dxc4 20. Nxc4 Bxb2 21. Qxb2 Bxc4 22. Rxc4 Rxc4 23. Rxc4 Rxc4 24. bxc4 Qd6 25. Qc2 Nc5 26. h3 Nfd7 27. Ne2 Qd3 28. Qxd3 Nxd3 29. Nd4 N7e5 30. Bf1 Nb2 31. Nb5 a6 32. Nd6 Na4 33. f4 Nf3+ 34. Kf2 Nd2 35. Bd3 Nc3 36. Ke1 Ndb1 37. Nc8 Na3 38. Nxb6 Nxa2 39. c5 Nb4 40. Kd2 Kf8 41. c6 Nxc6 42. Bxa6 Nb1+ 43. Ke2 Nc3+ 1/2-1/2

[Event "Belgrade-chT"]
[Site "Belgrade"]
[Date "2014.05.10"]
[Round "5"]
[White "Marinkov, Svetislav"]
[Black "Dinic, Goran"]
[Result "1/2-1/2"]
[WhiteElo "1866"]
[BlackElo "2237"]
[PlyCount "117"]
[EventDate "2014.05.05"]
[EventType "swiss"]
[EventRounds "5"]
[EventCountry "SRB"]
[SourceTitle "CBM 160 Extra"]
[Source "ChessBase"]
[SourceDate "2014.07.01"]
[SourceVersion "1"]
[SourceVersionDate "2014.07.01"]
[SourceQuality "1"]

1. e4 c5 2. Nf3 e6 3. d4 cxd4 4. Nxd4 a6 5. Bd3 Nf6 6. 0-0 Qc7 7. Qe2 d6 8. c4 Be7 9. Nc3 0-0 10. Be3 b6 11. Rac1 Bb7 12. f4 Nbd7 13. b4 Rfe8 14. a3 Bf8 15. Qd1 Rac8 16. Kh1 Qb8 17. Nf3 Qa8 18. Nd2 g6 19. Qe2 Bg7 20. Bd4 e5 21. fxe5 dxe5 22. Be3 Nh5 23. Qf2 Ndf6 24. Bxb6 Nf4 25. Qf3 Rc6 26. c5 Rxb6 27. cxb6 Rd8 28. Nd5 Rxd5 29. exd5 Bxd5 30. Ne4 Nxe4 31. Bxe4 Bxe4 32. Rc8+ Qxc8 33. Qxe4 Ne6 34. b7 Qc7 35. Qd5 Nd8 36. b5 axb5 37. Qxb5 Nxb7 38. Qe8+ Bf8 39. a4 Kg7 40. h3 Bd6 41. Qb5 h5 42. Qd5 Na5 43. Rd1 Be7 44. Rf1 Bg5 45. Qe4 Bf4 46. Qd5 h4 47. Qf3 Qc4 48. Qd1 Nb3 49. Rf3 Nd2 50. Ra3 Ne4 51. Rf3 Ng3+ 52. Kh2 Nf1+ 53. Kh1 Ne3 54. Qe1 Qxa4 55. Rxe3 Bxe3 56. Qxe3 Qa1+ 57. Kh2 Qd4 58. Qe2 Qf4+ 59. Kh1 1/2-1/2

[Event "Belgrade-chT"]
[Site "Belgrade"]
[Date "2014.05.09"]
[Round "4"]
[White "Radovanovic, Mihajlo"]
[Black "Dinic, Goran"]
[Result "1-0"]
[WhiteElo "2023"]
[BlackElo "2237"]
[PlyCount "125"]
[EventDate "2014.05.05"]
[EventType "swiss"]
[EventRounds "5"]
[EventCountry "SRB"]
[SourceTitle "CBM 160 Extra"]
[Source "ChessBase"]
[SourceDate "2014.07.01"]
[SourceVersion "1"]
[SourceVersionDate "2014.07.01"]
[SourceQuality "1"]

1. Nf3 Nf6 2. c4 e6 3. g3 a6 4. Nc3 d5 5. d4 dxc4 6. a4 Nc6 7. Bg2 Rb8 8. 0-0 Be7 9. e4 0-0 10. Qe2 b5 11. axb5 axb5 12. Rd1 Nb4 13. Ne5 Nd7 14. Nxd7 Bxd7 15. e5 Qc8 16. h4 Nd3 17. Bg5 f6 18. exf6 gxf6 19. Bh6 Rf7 20. Be4 b4 21. Nd5 Bf8 22. Bxf8 Kxf8 23. Ne3 f5 24. Bxd3 cxd3 25. Qxd3 Bc6 26. Rdc1 Qd7 27. Qc4 Bd5 28. Qc5+ Kg7 29. Ra7 Kg6 30. Nxd5 Qxd5 31. Qxd5 exd5 32. Rc6+ Kg7 33. Rcxc7 Rxc7 34. Rxc7+ Kg6 35. b3 Ra8 36. Rb7 f4 37. g4 Ra1+ 38. Kg2 Rd1 39. Rb6+ Kg7 40. Rxb4 Rd3 41. Rb7+ Kg6 42. Rb6+ Kg7 43. Rd6 Rxd4 44. Kf3 h6 45. b4 h5 46. g5 Rxb4 47. Rxd5 Rb3+ 48. Kg2 Kg6 49. Rd6+ Kf5 50. Rf6+ Kg4 51. g6 Rb8 52. g7 Rg8 53. Rg6+ Kf5 54. Rg5+ Kf6 55. Kf3 Rxg7 56. Rxg7 Kxg7 57. Kxf4 Kf6 58. f3 Kg6 59. Ke5 Kg7 60. Ke6 Kg6 61. f4 Kg7 62. f5 Kf8 63. Kf6 1-0

[Event "Belgrade-chT"]
[Site "Belgrade"]
[Date "2014.05.07"]
[Round "2"]
[White "Ilic, Slobodan R"]
[Black "Dinic, Goran"]
[Result "1-0"]
[WhiteElo "2029"]
[BlackElo "2237"]
[PlyCount "49"]
[EventDate "2014.05.05"]
[EventType "swiss"]
[EventRounds "5"]
[EventCountry "SRB"]
[SourceTitle "CBM 160 Extra"]
[Source "ChessBase"]
[SourceDate "2014.07.01"]
[SourceVersion "1"]
[SourceVersionDate "2014.07.01"]
[SourceQuality "1"]

1. Nf3 Nf6 2. c4 g6 3. Nc3 d5 4. d4 Bg7 5. g3 0-0 6. Bg2 dxc4 7. Qa4 Nc6 8. Qxc4 Nd7 9. Bf4 Nb6 10. Qc5 Bxd4 11. Nxd4 Qxd4 12. Qxd4 Nxd4 13. 0-0-0 Ne6 14. Bh6 Re8 15. h4 c6 16. h5 f6 17. hxg6 hxg6 18. Rh4 g5 19. Rh2 Ng7 20. Rdh1 Bf5 21. e4 Bg6 22. f4 gxf4 23. gxf4 e6 24. Rg1 Re7 25. Bf3 1-0

[Event "Belgrade-chT"]
[Site "Belgrade"]
[Date "2014.05.05"]
[Round "1"]
[White "Prentic, Igor"]
[Black "Dinic, Goran"]
[Result "1-0"]
[WhiteElo "2083"]
[BlackElo "2237"]
[PlyCount "155"]
[EventDate "2014.05.05"]
[EventType "swiss"]
[EventRounds "5"]
[EventCountry "SRB"]
[SourceTitle "CBM 160 Extra"]
[Source "ChessBase"]
[SourceDate "2014.07.01"]
[SourceVersion "1"]
[SourceVersionDate "2014.07.01"]
[SourceQuality "1"]

1. d4 Nf6 2. c4 e6 3. Nc3 Bb4 4. Qc2 c5 5. dxc5 0-0 6. Bg5 Qa5 7. Bxf6 gxf6 8. e3 Bxc3+ 9. bxc3 Qxc5 10. Bd3 Nc6 11. Nf3 Ne5 12. Nxe5 Qxe5 13. Bxh7+ Kg7 14. Be4 f5 15. Bf3 Rb8 16. Rb1 b6 17. 0-0 Qc7 18. e4 Rh8 19. h3 Bb7 20. Qd3 f4 21. Rfd1 Rhd8 22. Rb5 e5 23. Bg4 d6 24. Bf5 Bc6 25. Rb2 Ba4 26. Rdd2 Bc6 27. Qf3 Qe7 28. Qg4+ Kf8 29. Bh7 Qf6 30. Rd3 Ke7 31. Rbd2 Bb7 32. Qd1 Bc6 33. Bf5 Rb7 34. Qc1 Rc7 35. Qa3 Ba8 36. c5 bxc5 37. Qa5 Rb7 38. Qxd8+ Kxd8 39. Rxd6+ Qxd6 40. Rxd6+ Ke7 41. Ra6 Rc7 42. h4 Bc6 43. h5 Kf8 44. h6 Kg8 45. c4 Bd7 46. Bxd7 Rxd7 47. Rc6 Rd1+ 48. Kh2 Rd4 49. Rxc5 Rxe4 50. a4 a5 51. f3 Rd4 52. Rxe5 Rxc4 53. Re4 Rc6 54. Rxf4 Rxh6+ 55. Kg3 Rh5 56. Kg4 Rc5 57. Rd4 Kg7 58. Kf4 Kg6 59. g4 f6 60. Ke4 Rc3 61. Kf4 Ra3 62. Rc4 Kg7 63. Ke4 Kg6 64. f4 f5+ 65. gxf5+ Kf6 66. Kd5 Kxf5 67. Kc6 Rb3 68. Rc5+ Kxf4 69. Rxa5 Ra3 70. Ra8 Ke5 71. a5 Kf6 72. a6 Ra1 73. Kb7 Rb1+ 74. Ka7 Kg7 75. Rb8 Ra1 76. Rb6 Re1 77. Rc6 Re7+ 78. Kb6 1-0

[Event "Belgrade tt Cup"]
[Site "Belgrade"]
[Date "2013.04.20"]
[Round "4"]
[White "Vucinic, Gojko"]
[Black "Dinic, Goran"]
[Result "1-0"]
[WhiteElo "2236"]
[BlackElo "2273"]
[PlyCount "113"]
[EventDate "2013.04.17"]
[EventType "team-swiss"]
[EventRounds "5"]
[EventCountry "SRB"]
[SourceTitle "EXT 2015"]
[Source "ChessBase"]
[SourceDate "2014.11.20"]
[SourceVersion "1"]
[SourceVersionDate "2014.11.20"]
[SourceQuality "1"]

1. e4 c5 2. Nf3 Nc6 3. d4 cxd4 4. Nxd4 e5 5. Nb5 d6 6. N1c3 a6 7. Na3 Be7 8. Nd5 Nf6 9. Nxf6+ Bxf6 10. Nc4 Be7 11. Be3 Be6 12. Nb6 Rb8 13. Be2 Bg5 14. Bxg5 Qxg5 15. 0-0 0-0 16. c3 Rbd8 17. Bc4 Bxc4 18. Nxc4 Qg6 19. Qd5 Kh8 20. Rad1 f5 21. exf5 Qxf5 22. Nxd6 Qg6 23. Qc5 Rf6 24. Nf7+ Qxf7 25. Qxc6 Rf8 26. Qd7 Qxa2 27. Qxb7 Qc4 28. Qd5 Qf4 29. Rde1 Rf5 30. Re4 Qg5 31. Qd6 Qf6 32. Qxf6 R8xf6 33. f3 Rb6 34. Rf2 Rb5 35. Rfe2 Kg8 36. Kf2 a5 37. g4 Rf6 38. Rxe5 Rfb6 39. Rxb5 Rxb5 40. Ke1 h5 41. Kd1 Kf7 42. Kc2 Kf6 43. h4 g5 44. hxg5+ Rxg5 45. gxh5 Rxh5 46. b4 axb4 47. cxb4 Kf5 48. Re3 Kf4 49. Rd3 Rh8 50. b5 Rb8 51. Rb3 Rb6 52. Kd3 Kxf3 53. Kd4+ Kf4 54. Kc5 Rb8 55. b6 Ke5 56. Re3+ Kf6 57. Kc6 1-0

[Event "Belgrade Spring op"]
[Site "Belgrade"]
[Date "2013.03.20"]
[Round "1"]
[White "Brankovic, Vladislav"]
[Black "Dinic, Goran"]
[Result "1/2-1/2"]
[WhiteElo "1821"]
[BlackElo "2273"]
[PlyCount "82"]
[EventDate "2013.03.20"]
[EventType "swiss"]
[EventRounds "9"]
[EventCountry "SRB"]
[SourceTitle "CBM 153 Extra"]
[Source "ChessBase"]
[SourceDate "2013.04.22"]
[SourceVersion "1"]
[SourceVersionDate "2013.04.22"]
[SourceQuality "1"]

1. e4 c5 2. Nf3 Nc6 3. d4 cxd4 4. Nxd4 e5 5. Nb5 d6 6. N1c3 a6 7. Na3 Be7 8. Be3 b5 9. Nd5 Rb8 10. Be2 Nf6 11. Nxf6+ Bxf6 12. 0-0 0-0 13. Qd2 Nd4 14. c3 Nxe2+ 15. Qxe2 Be6 16. Rfd1 Qc7 17. Qd2 Rfd8 18. Bg5 Bxg5 19. Qxg5 b4 20. cxb4 Rxb4 21. Rac1 Qb8 22. Rc2 f6 23. Qd2 Rd4 24. Qe2 Rxd1+ 25. Qxd1 Bxa2 26. Rd2 Rc8 27. h3 Rc6 28. Qa4 Qb6 29. Rxd6 Rc1+ 30. Rd1 Rxd1+ 31. Qxd1 h6 32. Qc2 Kh7 33. b4 Be6 34. Qc3 Kg8 35. Nc2 Kf7 36. Ne3 Qd4 37. Qc7+ Kg8 38. Qb7 Qd3 39. Qb8+ Kf7 40. Qb7+ Kg8 41. Qb8+ Kf7 1/2-1/2

[Event "Belgrade-chT"]
[Site "Belgrade"]
[Date "2012.10.09"]
[Round "8.1"]
[White "Mirkovic, Slobodan"]
[Black "Dinic, Goran"]
[Result "1/2-1/2"]
[WhiteElo "2343"]
[BlackElo "2250"]
[PlyCount "76"]
[EventDate "2012.10.01"]
[EventType "team-tourn"]
[EventRounds "11"]
[EventCountry "SRB"]
[SourceTitle "CBM 150 Extra"]
[Source "ChessBase"]
[SourceDate "2012.10.19"]
[SourceVersion "1"]
[SourceVersionDate "2012.10.19"]
[SourceQuality "1"]
[WhiteTeam "Belgrade Radnicki"]
[BlackTeam "Belgrade EDB"]
[WhiteTeamCountry "SRB"]
[BlackTeamCountry "SRB"]

1. e4 c5 2. Nf3 Nc6 3. Bb5 Na5 4. c3 a6 5. Ba4 b5 6. Bc2 Bb7 7. 0-0 Nf6 8. Re1 e6 9. d4 cxd4 10. cxd4 Rc8 11. Nbd2 Qc7 12. Bd3 d6 13. Nf1 Be7 14. Ng3 0-0 15. Bf4 Rfe8 16. Qe2 Qb6 17. Rad1 Qa7 18. b3 Nc6 19. e5 dxe5 20. Bxe5 Nb4 21. Bxf6 Bxf3 22. Qxf3 Nxd3 23. Qxd3 Bxf6 24. Nh5 Be7 25. Re4 g6 26. Qg3 Red8 27. h3 Rd5 28. Nf4 Bd6 29. Qe3 Bxf4 30. Qxf4 Rcd8 31. Rc1 Qe7 32. Rc7 R5d7 33. Rc6 Rd6 34. Rxd6 Rxd6 35. Qe5 Qd8 36. Qc5 Kg7 37. g4 Rd5 38. Qc3 Qd6 1/2-1/2

[Event "Belgrade-chT"]
[Site "Belgrade"]
[Date "2012.10.05"]
[Round "5.3"]
[White "Dinic, Goran"]
[Black "Jovanovic, Zoran"]
[Result "1/2-1/2"]
[WhiteElo "2250"]
[BlackElo "2335"]
[PlyCount "100"]
[EventDate "2012.10.01"]
[EventType "team-tourn"]
[EventRounds "11"]
[EventCountry "SRB"]
[SourceTitle "CBM 150 Extra"]
[Source "ChessBase"]
[SourceDate "2012.10.19"]
[SourceVersion "1"]
[SourceVersionDate "2012.10.19"]
[SourceQuality "1"]
[WhiteTeam "Belgrade EDB"]
[BlackTeam "Belgrade PTT"]
[WhiteTeamCountry "SRB"]
[BlackTeamCountry "SRB"]

1. Nf3 d6 2. d4 f5 3. g3 Nf6 4. Bg2 g6 5. 0-0 Bg7 6. b3 0-0 7. Bb2 c6 8. Nbd2 h6 9. c4 Qe8 10. Qc2 Qf7 11. e4 fxe4 12. Nxe4 Nxe4 13. Qxe4 Bf5 14. Qe3 g5 15. Rae1 Na6 16. Bc3 Rad8 17. Nd2 Nc7 18. f4 g4 19. Be4 e6 20. Rf2 Rd7 21. Rfe2 Rfd8 22. Bxf5 exf5 23. Qd3 d5 24. c5 Re8 25. Rxe8+ Nxe8 26. Nf1 Nf6 27. Qxf5 Ne4 28. Qxf7+ Kxf7 29. Ba1 b6 30. cxb6 axb6 31. Ne3 Ra7 32. Re2 h5 33. Kg2 Ke6 34. h3 gxh3+ 35. Kxh3 Bf6 36. Nd1 c5 37. Nf2 cxd4 38. Nxe4 dxe4 39. Rxe4+ Kd5 40. Re1 Rxa2 41. g4 hxg4+ 42. Kxg4 Ra7 43. Kf5 Re7 44. Rd1 Bh8 45. Rh1 Ra7 46. Rxh8 Rxa1 47. Rd8+ Kc5 48. Rc8+ Kd5 49. Rd8+ Kc5 50. Rc8+ Kd5 1/2-1/2

[Event "Belgrade-chT"]
[Site "Belgrade"]
[Date "2012.10.02"]
[Round "2.4"]
[White "Ravic, Nenad"]
[Black "Dinic, Goran"]
[Result "0-1"]
[WhiteElo "2315"]
[BlackElo "2250"]
[PlyCount "86"]
[EventDate "2012.10.01"]
[EventType "team-tourn"]
[EventRounds "11"]
[EventCountry "SRB"]
[SourceTitle "CBM 150 Extra"]
[Source "ChessBase"]
[SourceDate "2012.10.19"]
[SourceVersion "1"]
[SourceVersionDate "2012.10.19"]
[SourceQuality "1"]
[WhiteTeam "Belgrade Sigurnost"]
[BlackTeam "Belgrade EDB"]
[WhiteTeamCountry "SRB"]
[BlackTeamCountry "SRB"]

1. e4 c5 2. Nf3 Nc6 3. d4 cxd4 4. Nxd4 e5 5. Nb5 d6 6. c4 Be7 7. N1c3 a6 8. Na3 f5 9. exf5 Bxf5 10. Bd3 Be6 11. 0-0 Nf6 12. Nc2 0-0 13. Bg5 Qd7 14. Qd2 Bd8 15. Rad1 Ba5 16. Ne3 Nd4 17. Kh1 Rac8 18. f4 Kh8 19. fxe5 dxe5 20. Bxf6 gxf6 21. a3 f5 22. b4 Bd8 23. c5 Bg5 24. Qe1 Qg7 25. Bc4 Nc2 26. Nxc2 Bxc4 27. Rf2 Rce8 28. Ne3 Be6 29. Ned5 Bh4 30. g3 Bg5 31. Re2 e4 32. Qf2 Rd8 33. Qe1 Qe5 34. Ne3 Rd3 35. Nb1 Rfd8 36. Rc1 f4 37. Nc2 fxg3 38. Ne3 Qf4 39. Rc3 Qf3+ 40. Ng2 Bh3 41. Rxd3 Rxd3 42. hxg3 Bxg2+ 43. Kh2 Bf1 0-1

[Event "SRB-chT quality"]
[Site "Belgrade"]
[Date "2010.10.28"]
[Round "8"]
[White "Dinic, Goran"]
[Black "Bura, Radovan"]
[Result "1-0"]
[WhiteElo "2207"]
[BlackElo "2199"]
[PlyCount "109"]
[EventDate "2010.10.09"]
[EventType "team-tourn"]
[EventRounds "11"]
[EventCountry "YUG"]
[SourceTitle "EXT 2011"]
[Source "ChessBase"]
[SourceDate "2010.11.26"]
[SourceVersion "1"]
[SourceVersionDate "2010.11.26"]
[SourceQuality "1"]

1. Nf3 d5 2. d4 Nf6 3. c4 e6 4. g3 c6 5. Bg2 Be7 6. 0-0 0-0 7. Nbd2 b6 8. Qc2 Bb7 9. e4 dxe4 10. Nxe4 Nbd7 11. Rd1 Nxe4 12. Qxe4 Nf6 13. Qc2 Qc7 14. Bf4 Bd6 15. Bxd6 Qxd6 16. c5 Qc7 17. Rac1 b5 18. Ne5 Nd7 19. Qe2 f6 20. Nxc6 Ne5 21. dxe5 Bxc6 22. Bxc6 Qxc6 23. Rd6 Qc8 24. exf6 Rxf6 25. Qxb5 Qf8 26. Qe2 Qe7 27. Re1 Raf8 28. Rf1 a5 29. b3 Rc8 30. Qe3 Rf5 31. Rxe6 Qxc5 32. Qxc5 Rfxc5 33. Rfe1 Rc2 34. R1e2 a4 35. bxa4 R8c4 36. a5 Rxe2 37. Rxe2 Ra4 38. Kf1 Rxa5 39. Ke1 Kf7 40. Kd1 h6 41. Kc1 Ra8 42. Kb2 Rb8+ 43. Ka1 Ra8 44. Re4 g5 45. a4 Rd8 46. Re2 Ra8 47. Ra2 Ke6 48. Kb2 Kd5 49. Kc3 Kc5 50. a5 Ra6 51. f4 gxf4 52. gxf4 h5 53. Rg2 Rf6 54. Rg5+ Kc6 55. f5 1-0

[Event "SRB-chT quality"]
[Site "Belgrade"]
[Date "2010.10.27"]
[Round "7"]
[White "Zmijanac, Dusko"]
[Black "Dinic, Goran"]
[Result "1/2-1/2"]
[WhiteElo "2190"]
[BlackElo "2207"]
[PlyCount "61"]
[EventDate "2010.10.09"]
[EventType "team-tourn"]
[EventRounds "11"]
[EventCountry "YUG"]
[SourceTitle "EXT 2011"]
[Source "ChessBase"]
[SourceDate "2010.11.26"]
[SourceVersion "1"]
[SourceVersionDate "2010.11.26"]
[SourceQuality "1"]

1. d4 d5 2. c4 c6 3. Nf3 Nf6 4. Nbd2 Bf5 5. e3 e6 6. Qb3 Qb6 7. Nh4 Bg6 8. Be2 Nbd7 9. 0-0 Be7 10. Nxg6 hxg6 11. Qc2 c5 12. Nf3 cxd4 13. exd4 dxc4 14. Bxc4 0-0 15. Qe2 Qd6 16. Bg5 Nb6 17. Bb3 Nbd5 18. Rfe1 Rad8 19. Rad1 a6 20. Ne5 Rfe8 21. Qf3 Rc8 22. Qh3 Bf8 23. Bxf6 gxf6 24. Ng4 Bg7 25. Qf3 f5 26. Ne5 Rcd8 27. h4 Qe7 28. g3 Rd6 29. Nc4 Rd7 30. Ne5 Rd6 31. Nc4 1/2-1/2

[Event "SRB-chT quality"]
[Site "Belgrade"]
[Date "2010.10.24"]
[Round "6"]
[White "Djalovic, Velizar"]
[Black "Dinic, Goran"]
[Result "0-1"]
[WhiteElo "2165"]
[BlackElo "2207"]
[PlyCount "113"]
[EventDate "2010.10.09"]
[EventType "team-tourn"]
[EventRounds "11"]
[EventCountry "YUG"]
[SourceTitle "EXT 2011"]
[Source "ChessBase"]
[SourceDate "2010.11.26"]
[SourceVersion "1"]
[SourceVersionDate "2010.11.26"]
[SourceQuality "1"]

1. e4 c5 2. Nc3 d6 3. g3 Nc6 4. Bg2 g6 5. Nge2 Bg7 6. h3 Rb8 7. 0-0 b5 8. f4 Nd4 9. g4 e6 10. Ng3 Ne7 11. Nce2 f5 12. c3 Nxe2+ 13. Qxe2 0-0 14. d3 b4 15. Bd2 Bd7 16. Rfe1 Re8 17. g5 bxc3 18. Bxc3 Nc6 19. Bxg7 Kxg7 20. b3 Nd4 21. Qb2 Rb4 22. Rac1 Bb5 23. Re3 a5 24. Ne2 fxe4 25. Bxe4 e5 26. Rf1 exf4 27. Nxf4 Qxg5+ 28. Kh1 Bxd3 29. Rxd3 Rxe4 30. Rdf3 Kh6 31. R3f2 Nf5 32. Rg1 Ng3+ 33. Kh2 Rxf4 34. Rxg3 Rxf2+ 35. Qxf2 Qf4 36. Kg2 Qxf2+ 37. Kxf2 a4 38. bxa4 Rxa4 39. a3 d5 40. Ke2 c4 41. Kd2 d4 42. Kc2 Kh5 43. Kb2 d3 44. Rg4 g5 45. Rd4 h6 46. Rd6 c3+ 47. Kxc3 Rxa3+ 48. Kb2 Ra4 49. Rxd3 Kh4 50. Rd6 h5 51. Rd5 g4 52. hxg4 hxg4 53. Rd8 g3 54. Rh8+ Kg4 55. Kc2 Kf3 56. Rf8+ Rf4 57. Rg8 0-1

[Event "SRB-chT quality"]
[Site "Belgrade"]
[Date "2010.10.16"]
[Round "3"]
[White "Maksimovic, Marko"]
[Black "Dinic, Goran"]
[Result "0-1"]
[WhiteElo "2194"]
[BlackElo "2207"]
[PlyCount "56"]
[EventDate "2010.10.09"]
[EventType "team-tourn"]
[EventRounds "11"]
[EventCountry "YUG"]
[SourceTitle "EXT 2011"]
[Source "ChessBase"]
[SourceDate "2010.11.26"]
[SourceVersion "1"]
[SourceVersionDate "2010.11.26"]
[SourceQuality "1"]

1. d4 d5 2. Bf4 Nf6 3. e3 g6 4. Bd3 Bg7 5. Nd2 0-0 6. h3 c5 7. c3 Nc6 8. Ngf3 Nd7 9. 0-0 e5 10. dxe5 Ndxe5 11. Nxe5 Nxe5 12. Nf3 Nxd3 13. Qxd3 b6 14. Rad1 Bb7 15. b4 a5 16. b5 Qe7 17. a4 Rad8 18. Rd2 h6 19. Rfd1 g5 20. Bg3 Qe6 21. Qc2 f5 22. Ne1 Bf6 23. Qd3 Kg7 24. Nc2 Rfe8 25. Na3 h5 26. Kh1 d4 27. cxd4 f4 28. exf4 Qxh3+ 0-1

[Event "Belgrade tt Cup"]
[Site "Belgrade"]
[Date "2009.04.12"]
[Round "5"]
[White "Dobrijevic, Milan"]
[Black "Dinic, Goran"]
[Result "1-0"]
[WhiteElo "2183"]
[BlackElo "2177"]
[PlyCount "103"]
[EventDate "2009.04.08"]
[EventType "team-tourn"]
[EventRounds "5"]
[EventCountry "YUG"]
[SourceTitle "CBM 129 Extra"]
[Source "ChessBase"]
[SourceDate "2009.05.05"]
[SourceVersion "2"]
[SourceVersionDate "2009.05.20"]
[SourceQuality "1"]

1. e4 Nf6 2. e5 Nd5 3. Nf3 d6 4. Bc4 Nb6 5. Bb3 d5 6. d4 Bf5 7. Nh4 Bd7 8. 0-0 Bb5 9. Re1 e6 10. g3 c5 11. a4 Ba6 12. a5 N6d7 13. c3 Nc6 14. Bc2 cxd4 15. f4 g6 16. f5 d3 17. fxe6 fxe6 18. Ba4 Nc5 19. b4 Nxa4 20. Qxa4 Bc4 21. b5 Bc5+ 22. Be3 Bxe3+ 23. Rxe3 Ne7 24. Nd2 Rc8 25. Rf1 Nf5 26. Nxf5 gxf5 27. Nf3 Qd7 28. Nd4 0-0 29. Qb4 Rfe8 30. Qb2 Kh8 31. Kh1 Qe7 32. Rf4 Rg8 33. Ref3 Rg6 34. Qf2 Rcg8 35. Qe3 Rg4 36. Rf2 Rxf4 37. Qxf4 Rg4 38. Qh6 Rg6 39. Qf4 Kg7 40. Qe3 Kf7 41. Rf4 Kg8 42. Rf2 Qc5 43. h3 Bxb5 44. g4 fxg4 45. Nxe6 Qe7 46. Rf8+ Qxf8 47. Nxf8 Kxf8 48. Qc5+ Kg7 49. Qxb5 g3 50. Kg2 a6 51. Qxb7+ Kh6 52. Qxd5 1-0

[Event "Belgrade tt Cup"]
[Site "Belgrade"]
[Date "2009.04.10"]
[Round "3"]
[White "Dinic, Goran"]
[Black "Zivkovic, Sava"]
[Result "0-1"]
[WhiteElo "2177"]
[BlackElo "2300"]
[PlyCount "140"]
[EventDate "2009.04.08"]
[EventType "team-tourn"]
[EventRounds "5"]
[EventCountry "YUG"]
[SourceTitle "CBM 129 Extra"]
[Source "ChessBase"]
[SourceDate "2009.05.05"]
[SourceVersion "2"]
[SourceVersionDate "2009.05.20"]
[SourceQuality "1"]

1. Nf3 c5 2. c4 Nf6 3. Nc3 g6 4. d4 cxd4 5. Nxd4 d6 6. e4 Bg7 7. Be2 Nc6 8. Be3 0-0 9. 0-0 Bd7 10. Qd2 Nxd4 11. Bxd4 Bc6 12. f3 a5 13. b3 Nd7 14. Be3 Nc5 15. Rab1 Qb6 16. Rfc1 Rfc8 17. Kh1 Qd8 18. Bd1 Be5 19. a3 b6 20. b4 axb4 21. axb4 Nd7 22. Ne2 Ba4 23. Bxa4 Rxa4 24. Nd4 Qc7 25. Nb5 Qc6 26. Nd4 Qa8 27. Nb5 Ra2 28. Rc2 Ra1 29. Qc1 Ra4 30. Bg5 Bf6 31. Bxf6 Nxf6 32. c5 dxc5 33. bxc5 Ra2 34. Rbb2 Rxb2 35. Qxb2 Rxc5 36. Rxc5 bxc5 37. g4 h5 38. h3 hxg4 39. hxg4 Nxe4 40. fxe4 Qxe4+ 41. Kh2 Qxg4 42. Nc3 Qd4 43. Qb8+ Kg7 44. Qg3 e5 45. Qf3 Qf4+ 46. Qxf4 exf4 47. Kg2 Kf6 48. Ne4+ Kf5 49. Nxc5 g5 50. Nd3 Ke4 51. Nf2+ Ke3 52. Nd1+ Kd2 53. Nf2 Ke2 54. Ne4 g4 55. Nc3+ Ke1 56. Ne4 f5 57. Nd6 f3+ 58. Kg3 f2 59. Nxf5 f1Q 60. Kxg4 Kd2 61. Ng3 Qf8 62. Nf5 Kd3 63. Ng3 Ke3 64. Nf5+ Ke4 65. Ng3+ Ke5 66. Ne2 Qf2 67. Ng3 Qg2 68. Kh4 Kf4 69. Nh5+ Kf3 70. Nf6 Qg6 0-1

[Event "Belgrade tt Cup"]
[Site "Belgrade"]
[Date "2009.04.09"]
[Round "2"]
[White "Podinic, Vladimir"]
[Black "Dinic, Goran"]
[Result "1-0"]
[WhiteElo "2393"]
[BlackElo "2177"]
[PlyCount "61"]
[EventDate "2009.04.08"]
[EventType "team-tourn"]
[EventRounds "5"]
[EventCountry "YUG"]
[SourceTitle "CBM 129 Extra"]
[Source "ChessBase"]
[SourceDate "2009.05.05"]
[SourceVersion "2"]
[SourceVersionDate "2009.05.20"]
[SourceQuality "1"]

1. e4 Nf6 2. e5 Nd5 3. d4 d6 4. Bc4 Nb6 5. Bb3 dxe5 6. Qf3 e6 7. dxe5 Nc6 8. Qg3 Qd4 9. Nf3 Qe4+ 10. Be3 Qg6 11. Nc3 Bd7 12. Nb5 0-0-0 13. Qxg6 hxg6 14. Bg5 Ne7 15. c4 a6 16. Nbd4 c5 17. Ne2 Bc6 18. 0-0 Rd7 19. Rfd1 Nf5 20. Nc1 Nd4 21. Nxd4 cxd4 22. Nd3 Na4 23. Bxa4 Bxa4 24. b3 Bc6 25. f3 Rh5 26. Bf4 Be7 27. Rd2 Bg5 28. Bxg5 Rxg5 29. Kf2 Rh5 30. h3 f6 31. Re1 1-0

[Event "Belgrade-chT Quality"]
[Site "Belgrade"]
[Date "2008.11.09"]
[Round "8"]
[White "Dinic, Goran"]
[Black "Stamatovic, Aleksandar"]
[Result "1/2-1/2"]
[WhiteElo "2189"]
[BlackElo "2166"]
[PlyCount "81"]
[EventDate "2008.11.01"]
[EventType "team-swiss"]
[EventRounds "11"]
[EventCountry "YUG"]
[SourceTitle "CBM 127 Extra"]
[Source "ChessBase"]
[SourceDate "2009.01.08"]
[SourceVersion "2"]
[SourceVersionDate "2009.01.28"]
[SourceQuality "1"]

1. Nf3 Nf6 2. c4 g6 3. g3 Bg7 4. Bg2 0-0 5. 0-0 d6 6. Nc3 e5 7. d4 Nbd7 8. h3 c6 9. e4 Re8 10. Be3 Qc7 11. Rc1 exd4 12. Nxd4 Nc5 13. Qc2 Nfd7 14. Rcd1 Ne5 15. b3 Ne6 16. f4 Nd7 17. Nde2 Nf6 18. Rd2 Nc5 19. Bf2 Qe7 20. Bxc5 dxc5 21. e5 Nd7 22. Ne4 Nf8 23. Rfd1 Bf5 24. N2c3 Red8 25. Rxd8 Rxd8 26. Rxd8 Qxd8 27. Qf2 Qd4 28. g4 Bxe4 29. Nxe4 Qa1+ 30. Kh2 Ne6 31. Kg3 g5 32. Nxg5 Nxg5 33. fxg5 Bxe5+ 34. Kf3 Bd4 35. Qd2 Qb1 36. Kg3 Qg1 37. Qe2 Bc3 38. Qe8+ Kg7 39. Qe2 Qa1 40. Be4 Be5+ 41. Kg2 1/2-1/2

[Event "Belgrade CupT final"]
[Site "Belgrade"]
[Date "2008.04.10"]
[Round "2"]
[White "Dunjic, Dragan"]
[Black "Dinic, Goran"]
[Result "1/2-1/2"]
[WhiteElo "2026"]
[BlackElo "2177"]
[PlyCount "86"]
[EventDate "2008.04.09"]
[EventType "team-swiss"]
[EventRounds "5"]
[EventCountry "SRB"]
[SourceTitle "EXT 2023"]
[Source "ChessBase"]
[SourceDate "2022.10.05"]
[SourceVersion "1"]
[SourceVersionDate "2022.10.05"]
[SourceQuality "1"]

1. d4 d5 2. c4 c6 3. Nc3 Nf6 4. Nf3 a6 5. a4 e6 6. e3 c5 7. Bd3 Nc6 8. 0-0 Bd6 9. Qe2 0-0 10. b3 b6 11. Rd1 Nb4 12. Bb1 Bb7 13. dxc5 Bxc5 14. e4 Qc7 15. e5 Ng4 16. Bxh7+ Kxh7 17. Ng5+ Kg8 18. Qxg4 Qxe5 19. Qh3 Qf5 20. Qxf5 exf5 21. Nxd5 Nxd5 22. cxd5 Rad8 23. Be3 Rxd5 24. Bxc5 bxc5 25. h4 g6 26. Rac1 Rfd8 27. Re1 R8d7 28. Nf3 Kg7 29. Kh2 f4 30. Rc4 Rf5 31. Re8 Bxf3 32. gxf3 Rb7 33. Rc3 c4 34. bxc4 Rc5 35. Re4 Rb4 36. a5 Ra4 37. Rxf4 Raxa5 38. Kg2 Ra1 39. Rb3 Rc7 40. Rb6 Ra4 41. Kg3 Raxc4 42. Rxa6 Rxf4 43. Kxf4 Rc2 1/2-1/2